Genómica y mejora vegetal
محفوظ في:
| التنسيق: | كتاب |
|---|---|
| اللغة: | الإسبانية |
| منشور في: |
Madrid
Mundi Prensa
2002
Madrid Junta de Andalucía 2002 |
| الطبعة: | 1a. ed |
| الموضوعات: | |
| الوسوم: |
إضافة وسم
لا توجد وسوم, كن أول من يضع وسما على هذه التسجيلة!
|
MARC
| LEADER | 00000nam a2200000 a 4500 | ||
|---|---|---|---|
| 001 | UCK6401 | ||
| 003 | CL-VaPUC | ||
| 005 | 20240923103943.0 | ||
| 008 | 050930e20020000sp |||||||||||||||||spa|d | ||
| 999 | |c 314688 |d 314686 | ||
| 020 | |a 8484760669 | ||
| 020 | |a 8484740552 | ||
| 040 | |c Pontificia Universidad Católica de Valparaíso | ||
| 082 | 0 | 4 | |a 631.5233 |b GEN |2 21 |
| 245 | 1 | 0 | |a Genómica y mejora vegetal |
| 250 | |a 1a. ed | ||
| 260 | |a Madrid |b Mundi Prensa |c 2002 | ||
| 260 | |a Madrid |b Junta de Andalucía |c 2002 | ||
| 300 | |a 485 p | ||
| 583 | |a last modification |c 20171127 01:36:49 |k Rodrigo Vera | ||
| 650 | 0 | |a Genética vegetal |9 264341 | |
| 650 | 0 | |a Biotecnología |9 259561 |x Mejora vegetal | |
| 650 | 0 | |a Cultivos transgénicos |9 575766 | |
| 942 | |c BK |2 ddc | ||
| 945 | |d 20050930 00:00:00 |a cmena | ||
| 952 | |0 0 |1 0 |4 0 |6 631_523300000000000_GEN_2002_2002 |7 0 |8 A |9 387340 |a BIBAGR |b BIBAGR |d 2019-11-22 |i 4171098 |l 1 |o 631.5233 GEN 2002 2002 |p 4171098 |r 2025-01-20 |s 2024-03-12 |w 2019-11-22 |y BK |k AGR | ||